000 00654cam a22002413a 4500
001 17006
003 PGUSA
005 20140828083349.0
008 051105s2005||||xxu|||||s|||||000 | eng d
040 _aPGUSA
_beng
042 _adc
050 4 _aPS
100 1 _aParker, Theodore,
_d1810-1860
245 1 0 _aTwo Christmas Celebrations
_h[electronic resource] /
_cTheodore Parker
260 _bProject Gutenberg,
_c2005
506 _aPublic domain in the USA.
516 _aElectronic text
653 _aChristmas
653 _aJesus Christ
830 0 _aProject Gutenberg
_v17006
856 4 0 _uhttp://www.gutenberg.org/ebooks/17006
942 _cEB
999 _c246261
_d246261